| 000 | 00413cam a2200169ua 4500 | ||
|---|---|---|---|
| 020 | _a0-12-112850-2 | ||
| 041 |
_aeng _h |
||
| 082 |
_a621.47 _bBOL/SO |
||
| 100 | _aBolton, James R . | ||
| 245 |
_aSolar power and fuels / _cJames R Bolton. _hTextual Documents |
||
| 250 |
_a1 / _b. |
||
| 260 |
_aNew York : _bAcademic Press , _c1977. |
||
| 300 | _a254 ; . | ||
| 504 | _a | ||
| 942 | _cBK | ||
| 999 |
_c7460 _d7460 |
||